History Quiz

Random History or State Quiz

Confederate States Quiz Stats

 Plays Quiz Updated Mar 23, 2018

Score 0/11 Timer 01:00
1 Play Today
State % Correct
South Carolina
94.8%
Georgia
93.1%
North Carolina
90.6%
Alabama
89.2%
Virginia
88.7%
Florida
85.2%
Mississippi
84.2%
Tennessee
81.2%
Texas
78.7%
Louisiana
68.3%
Arkansas
62.9%

You're not logged in!

Compare scores with friends on all Sporcle quizzes.
OR
Log In

Show Comments

Extras

Top Quizzes Today


Score Distribution

Your Account Isn't Verified!

In order to create a playlist on Sporcle, you need to verify the email address you used during registration. Go to your Sporcle Settings to finish the process.

Report this User

Report this user for behavior that violates our Community Guidelines.

Details: